000
00319pab a2200145 454500
008
180718b2005 xxu||||| |||| 00| 0 eng d
100
_a
Nagarajan, K.
245
_a
Boss and employee morale
260
_c
2005
300
_a
p.43-45.
362
_a
Sep
650
_a
Employees
773
_a
HRM Review
909
_a
67290
999
_c
67290
_d
67290